000 01415cam a22004454i 4500
003 PE-LiUPU
005 20250731173458.0
008 150616s r 000 0 d
020 _a0800625935
035 _a(Sirsi) i9780800625931
035 _a(Sirsi) i9780800625931
040 _aPE-LiUPU
_bspa
_cPE-LiUPU
_erda
049 _aPRUA
082 0 4 _a222.106
_bL833t
_223
100 1 _aLohfink, Norbert,
_eautor.
245 1 0 _aTheology Of The Pentateuch :
_bThemes of the priestly narrative and Deuteronomy /
_cNorbert Lohfink.
264 1 _aMinneapolis :
_bFortress Press,
_c1994.
300 _a314 páginas ;
_c21 centímetros.
336 _atext
_2rdacontent
337 _aunmediated
_2rdamedia
338 _avolume
_2rdacarrier
505 0 _aGenesis 2-3 as "Historical etiology" -- "I am Yahweh, your Physician" -- Original narrative sins in the Priestly Historical narrative -- God the creator and the Stability of Heaven and heart.
526 _aSEG42
526 _aSEG41
526 _aSEG40
526 _aSEG39
526 _aP94
526 _aP87
526 _aP86
526 _aP85
526 _aP77
526 _aP76
526 _aP35
630 1 4 _aBiblia.
_pPentateuco
_xCrítica interpretación, etc.
910 _ajck
942 _2ddc
_cBK
980 _81
_gALBERTO SANCHEZ Responsable de Automatización
999 _c57979
_d57979